00694 2200181 4500245004700000020002200047250001100069100001900080700002500099650002500124005001900149260003300168041001400201084001100215300002400226500025300250336000900503 aAkuntansi PerpajakancSukrisno AgoeshText a978-979-691-436-4 aCet. 1 aSukrisno Agoes aEstralita Trisnawati aAkuntansi Perpajakan a20240301140841 aJakartabSalemba Empatc2007 aIndonesia a657.46 a230 hlm. :cjil. 1. aBuku ini disusun berdasarkan akun-akun utama dalam perusahaan yang di dalamnya dibahas ketentuan perpajakan yang mempengaruhi pencatatan jurnal, buku besar, hingga pembuatan laporan keuangan, yang menjadi sumber utama perhitungan pajak penghasilan. atext